| 000 | 00637nam a2200229 a 4500 | ||
|---|---|---|---|
| 001 | BRL_803 | ||
| 005 | 20190320210914.0 | ||
| 008 | 081013s1981----nq-#######---#000-p#spa-# | ||
| 041 | _aspa | ||
| 044 | _anq | ||
| 050 | 4 |
_aPQ7519.2 _b.Z36 1981 |
|
| 100 | 1 |
_aZamora, Daisy _924994 |
|
| 245 | 1 | 0 |
_aLa violenta espuma _bpoemas 1968-9178 _cDaisy Zamora. |
| 260 |
_aManagua, Nicaragua _bMinisterio de Cultura _c1981 |
||
| 300 |
_a[98] p. _c20 cm. |
||
| 440 | 0 |
_aColección Poesía Nicaragüense _v1 _924995 |
|
| 500 | _aAu914 | ||
| 650 | 1 | 4 |
_aPoesía nicaragüense _924704 |
| 700 | 1 |
_aZamora, Daisy _924994 |
|
| 902 | _aGRL | ||
| 942 |
_2lcc _cB |
||
| 999 |
_c9615 _d9615 |
||